000 00639nam a2200217 i 4500
001 5414
003 ES-MaACL
005 20230906144555.0
007 t|
008 880613s1986 sp a |||| | spa d
080 _a616-006-053.2
100 1 _aVilla Elizaga, I.
_9114882
245 1 0 _aOncología pediátrica /
_cI. Villa Elizaga, L. Sierrasesumaga Ariznabarreta.
260 _a[Madrid :
_bProductos Roche,
_c1986]
300 _a450 p. :
_bil. ;
_c24 cm.
500 _aÍndice.
650 4 _aOncología.
_915704
700 1 _aSierrasesumaga Ariznabarreta, L.
_9106288
710 2 _aProductos Roche.
_96261
852 _aES-MaACL
_jL-12131
999 _c5414
_d5414